000 00488nam a2200181Ia 4500
005 20250326123733.0
008 250326s9999 xx 000 0 und d
037 _aTextbook
040 _aFMSL
_beng
_cFMSL
041 _aeng
_2eng
084 _aX:89Q8 M8
_qFMSL
100 _aCooper R G
_9735946
245 0 _aWinning at new products
_cCooper R G
260 _aLondon
_bLondon, Kogan Page
_c1988
300 _a269p
942 _cTB
_hX:89Q8 M8
999 _c1270733
_d1270733